Zeitschrift für das Realschulwesen Bécs, 1906. 1-4. füzet /

Elmentve itt :
Bibliográfiai részletek
Szerző: Kemény Ferenc
Dokumentumtípus: Cikk
Megjelent: 1906
Sorozat:Magyar pedagógia : a Magyar Tudományos Akadémia Pedagógiai Bizottságának folyóirata 15
Kulcsszavak:Oktatásügy Ausztria 19. sz., Pedagógia osztrák 19. sz., Lapszemle
Online Access:http://misc.bibl.u-szeged.hu/8207
LEADER 00726nab a2200181 i 4500
001 misc8207
005 20191106143933.0
008 170607s1906 hu o 0|| hun d
022 |a 0025-0260 
040 |a SZTE Miscellanea Repozitórium  |b hun 
041 |a hun 
100 1 |a Kemény Ferenc 
245 1 0 |a Zeitschrift für das Realschulwesen   |h [elektronikus dokumentum] :  |b Bécs, 1906. 1-4. füzet /  |c  Kemény Ferenc 
260 |c 1906 
300 |a 397-399 
490 0 |a Magyar pedagógia : a Magyar Tudományos Akadémia Pedagógiai Bizottságának folyóirata  |v 15 
695 |a Oktatásügy Ausztria 19. sz., Pedagógia osztrák 19. sz., Lapszemle 
856 4 0 |u http://misc.bibl.u-szeged.hu/8207/1/mp_1906_1132_397-399.pdf  |z Dokumentum-elérés